| 000 | 00539nam a22002297a 4500 | ||
|---|---|---|---|
| 999 |
_c3956 _d3956 |
||
| 003 | Nust | ||
| 005 | 20170613085754.0 | ||
| 008 | 161130b xxu||||| |||| 00| 0 eng d | ||
| 020 | _a 978-9623161015 | ||
| 020 | _a9623161018 | ||
| 040 | _cNust | ||
| 041 | _hurdu | ||
| 082 |
_a891.4391 _bHAQ |
||
| 100 |
_aAleem-ul-Haq Haqqi _91182 |
||
| 245 | _aIshq Ka Sheen (1,2) | ||
| 260 |
_aLahore; _bH & H publisher, _c2009 |
||
| 300 | _a607p. | ||
| 500 | _aNovel | ||
| 650 |
_aUrdu-Literature _9347 |
||
| 880 |
_a(1-2)عشق کا شین _6245-02\(3\r _cعلیم الحق حقی |
||
| 880 |
_aعلیم الحق حقی _6100-01\(3\r |
||
| 880 |
_aلاہور: _6260-03\(3\r _bایچ اینڈ ایچ پبلشرز، _c2009. |
||
| 942 |
_2ddc _cBK |
||